00000000nas##2200000za#4500
0019.508442
003CaOODSP
00520211126112842
007ta
008150406c2000||||xxc|| p #||||f|   |0eng|d
022 |a1488-4186
040 |aCaOODSP|beng
041 |aeng
041 |afre
043 |an-cn---
0861 |aFB12-5
1102 |aBank of Canada.
24510|aBank of Canada banking and financial statistics
260 |aOttawa - Ontario : |bBank of Canada |c[19--?]-- December 2007.
310 |aMonthly
500 |a"The following may subscribe at one-half of the regular price: Canadian governmental libraries, Canadian public libraries, Libraries of both Canadian and foreign educational institutions."--Back cover.
500 |aContinues in PDF version only, from January 2008.
5203 |aThis is a monthly compendium of statistical tables presenting the status of major financial and economic indicators and monetary policy variables. It lists the assets and liabilities of the Bank of Canada, the chartered banks, and other financial institutions, as well as providing securities-related information about Canadian financial markets. Includes general economic statistics, information about foreign exchange rates, and updates on Canada's balance of payments and external trade.
563 |aProcessed
69007|aBanking|2gcpds
69007|aEconomic statistics|2gcpds
7760#|tBank of Canada banking and financial statistics |w(CaOODSP)9.500286
792 |tStatistiques bancaires et financières de la Banque du Canada |efre|w(CaOODSP)9.508443